000 01114nam a2200289 a 4500
001 ebr10381404
003 CaPaEBR
006 m u
007 cr cn|||||||||
008 100603s2009 at a s 000 0 eng d
020 _z9781742230955 (pbk.)
020 _z9781742230962 (e-book)
040 _aCaPaEBR
_cCaPaEBR
035 _a(OCoLC)647917246
050 1 4 _aRA975.5.I56
_bH55 2009eb
100 1 _aHillman, Ken.
245 1 0 _aVital signs
_h[electronic resource] :
_bstories from intensive care /
_cKen Hillman.
260 _aSydney, Australia :
_bNew South,
_c2009.
300 _a262 p. :
_bill.
533 _aElectronic reproduction.
_bPalo Alto, Calif. :
_cebrary,
_d2010.
_nAvailable via World Wide Web.
_nAccess may be limited to ebrary affiliated libraries.
650 0 _aIntensive care units.
650 0 _aEmergency medical technician and patient.
650 0 _aCritically ill
_xCare.
655 7 _aElectronic books.
_2local
710 2 _aebrary, Inc.
856 4 0 _uhttp://site.ebrary.com/lib/rucke/Doc?id=10381404
_zAn electronic book accessible through the World Wide Web; click to view
999 _c103256
_d103256